Basic electrical and electronics engineering
Saved in:
| Hovedforfatter: | |
|---|---|
| Format: | Bog |
| Sprog: | engelsk |
| Udgivet: |
Ane Books
2018
|
| Tags: |
Tilføj Tag
Ingen Tags, Vær først til at tagge denne postø!
|
MARC
| LEADER | 00000nam a22000007a 4500 | ||
|---|---|---|---|
| 008 | 240124b |||||||| |||| 00| 0 eng d | ||
| 020 | |a 9789384726621 | ||
| 100 | |a MURUGAN, R. | ||
| 245 | |a Basic electrical and electronics engineering |c / R.Murugan, G.Rajalakshmi, N.Sivanandhan |g xi, 344p;illl | ||
| 260 | |b Ane Books |c 2018 |h New Delhi |i 699798 |i 699799 |l TK146.M94 |m Electrical engineering |m Electronics | ||
| 942 | |a lcc |c BK |e Johnson |f 24/1/24 | ||
| 952 | |0 0 |1 0 |2 lcc |4 0 |6 TK0146 M94 |7 0 |9 4820 |a TL |b HOL |c QZ |d 2024-01-24 |l 0 |o TK146.M94 |p 2024-0073 |r 2024-01-24 00:00:00 |t 699798 |w 2024-01-24 |y BK | ||
| 952 | |0 0 |1 0 |2 lcc |4 0 |6 TK0146 M94 |7 0 |9 4821 |a HOL |b HOL |c QZ |d 2024-01-24 |l 0 |o TK146.M94 |p 2024-0074 |r 2024-01-24 00:00:00 |t 699799 |w 2024-01-24 |y BK | ||
| 999 | |c 2406 |d 2406 | ||